000 00687nam a2200253Ia 4500
003 OSt
005 20220918164403.0
006 a|||||r|||| 00| 0
007 ta
008 220917b |||||||| |||| 00| 0 eng d
020 _a0566023237
024 _a7,542
037 _cTextual
040 _aARTS
_cARTS
_beng
041 _2eng
_aeng
082 _a4, M3;1 (EW)
100 _aSussams John E.
_918725
245 0 _aHow to write effective reports John E. Summans
260 _aAldershot
_bGower Publishing Co.
_c1983
300 _ax,109p.
_ccm.
650 _aJOUNRALISM
_93876
942 _h4, M3;1 (EW)
_cTEXL
_2CC
999 _c124588
_d124588